Animal de lejanías / (Registro nro. 31494)

Detalles MARC
000 -LEADER
campo de control de longitud fija 01089cam a22003734i 4500
003 - IDENTIFICADOR DE NÚMERO DE CONTROL
campo de control PE-LiUPU
005 - FECHA Y HORA DE LA ÚLTIMA TRANSACCIÓN
campo de control 20250731184101.0
008 - DATOS DE LONGITUD FIJA--INFORMACIÓN GENERAL
campo de control de longitud fija 190708s2014 pe r 000 0 spa d
020 ## - NÚMERO INTERNACIONAL ESTÁNDAR DEL LIBRO
Número Internacional Estándar del Libro 9789972604362
035 ## - NÚMERO DE CONTROL DEL SISTEMA
Número de control de sistema (Sirsi) a252262
040 ## - FUENTE DE CATALOGACIÓN
Centro catalogador/agencia de origen PE-LiUPU
Lengua de catalogación spa
Centro/agencia transcriptor PE-LiUPU
Normas de descripción rda
049 ## - FONDOS LOCALES (OCLC)
Biblioteca depositaria PRUA
082 04 - NÚMERO DE LA CLASIFICACIÓN DECIMAL DEWEY
Número de clasificación 871
Cutter M387a
100 ## - ENTRADA PRINCIPAL--NOMBRE DE PERSONA
Nombre de persona Martos, Marco,
Término indicativo de función/relación Autor.
9 (RLIN) 871
245 10 - MENCIÓN DEL TÍTULO
Título Animal de lejanías /
Mención de responsabilidad, etc. Marco Martos.
250 ## - MENCION DE EDICION
Mención de edición Primera edición.
264 #1 - PRODUCCIÓN, PUBLICACIÓN, DISTRIBUCIÓN, FABRICACIÓN Y COPYRIGHT
Producción, publicación, distribución, fabricación y copyright Perú :
Nombre del de productor, editor, distribuidor, fabricante Universidad Peruana Unión,
Fecha de producción, publicación, distribución, fabricación o copyright 2014.
300 ## - DESCRIPCIÓN FÍSICA
Extensión 198 páginas ;
Dimensiones 22 centímetros.
336 ## - TIPO DE CONTENIDO
Término de tipo de contenido text
Fuente rdacontent
337 ## - TIPO DE MEDIO
Nombre/término del tipo de medio unmediated
Fuente rdamedia
338 ## - TIPO DE SOPORTE
Nombre/término del tipo de soporte volume
Fuente rdacarrier
505 0# - NOTA DE CONTENIDO CON FORMATO
Nota de contenido con formato 135 poesias misceláneas.
526 ## - NOTA DE INFORMACIÓN SOBRE EL PROGRAMA DE ESTUDIO
Nombre del programa Comunicación Y Periodismo
526 ## - NOTA DE INFORMACIÓN SOBRE EL PROGRAMA DE ESTUDIO
Nombre del programa Educación, Especialidad Inglés Y Español (A Distancia)
526 ## - NOTA DE INFORMACIÓN SOBRE EL PROGRAMA DE ESTUDIO
Nombre del programa Educación, Especialidad Inglés Y Español
526 ## - NOTA DE INFORMACIÓN SOBRE EL PROGRAMA DE ESTUDIO
Nombre del programa Educación secundaria, especialidad lingüística e inglés
526 ## - NOTA DE INFORMACIÓN SOBRE EL PROGRAMA DE ESTUDIO
Nombre del programa Ciencias de la comunicación
650 10 - PUNTO DE ACCESO ADICIONAL DE MATERIA--TÉRMINO DE MATERIA
Término de materia o nombre geográfico como elemento de entrada Poesías peruanas.
Subdivisión cronológica Siglo XX
9 (RLIN) 872
710 ## - ENTRADA AGREGADA--NOMBRE DE ENTIDAD CORPORATIVA
Nombre de entidad corporativa o nombre de jurisdicción como elemento de entrada Universidad Peruana Unión.
Término indicativo de función/relación Editor.
9 (RLIN) 873
910 ## - DATOS DE OPCIÓN DEL USUARIO (OCLC)
Datos de opción del usuario dbm
942 ## - ELEMENTOS DE ENTRADA SECUNDARIOS (KOHA)
Fuente del sistema de clasificación o colocación Clasificación Decimal Dewey
Tipo de ítem Koha Libros físicos
Suprimir en OPAC No
980 ## - EQUIVALENCIA O REFERENCIA-CRUZADA-MENCIÓN DE SERIE--NOMBRE DE PERSONA/TÍTULO [LOCAL, CANADÁ]
ID del último usuario que modificó el registro 1
Nombre del último usuario que modificó el registro ALBERTO SANCHEZ Responsable de Automatización
Existencias
Visto por última vez Número de inventario Total de préstamos Signatura topográfica completa Código de barras Copia número Coste, precio de reemplazo Fecha de reemplazo Facultad Tipo de ítem Koha Nota pública Estado de pérdida Fuente del sistema de clasificación o colocación Restricciones de uso No para préstamo Colección Programa académico Biblioteca de origen Biblioteca actual Ubicación en estantería Fecha de adquisición Fuente de adquisición Coste, precio normal de compra
2025-12-03 1   869.56 M26 80266 e1 20.00 2019-07-08 FACIHED Libros físicos inventario-2023-12-13 No Perdido Clasificación Decimal Dewey No restringido Disponible para préstamos Colección General Educación secundaria, especialidad lingüística e inglés Biblioteca CRAI UPeU Lima Biblioteca CRAI UPeU Lima Sala principal 2019-07-08 COMPRA 15.00
2025-12-03     871 M387a 81251 e2 20.00 2022-12-12   Libros físicos inventario-2023-12-13 No Perdido Clasificación Decimal Dewey No restringido Disponible para préstamos Colección General Teología Biblioteca CRAI UPeU Lima Biblioteca CRAI UPeU Lima Sala principal 2022-12-12 DONACION 15.00